| 000 | 00642nam a2200193Ii 4500 | ||
|---|---|---|---|
| 003 | JO-AjNU | ||
| 008 | 230605s9999||||xx |||||||||||||| ||und|| | ||
| 040 |
_aJO-AjNU _bara _erda _cJO-AjNU |
||
| 041 | _aara | ||
| 050 | 1 | 4 | _aBP173.4.M3822 |
| 100 | 3 |
_aالمودودي، أبو الأعلى, _eauthor _936143 |
|
| 245 | 0 | 0 | _aالحجاب |
| 264 | 3 | 1 | _aد.م: دار نهر النيل للطباعة، د.ت |
| 300 | _a221ص | ||
| 336 |
_atext _btxt _2rdacontent |
||
| 337 |
_aunmediated _bn _2rdamedia |
||
| 338 |
_avolume _bnc _2rdacarrier |
||
| 650 | 4 |
_aالمرأة المسلمة- حجاب المرأة- الحجاب والسفور _936144 |
|
| 999 |
_aA14989 _c18557 _d18557 |
||